Elements of Company Law : Including Companies (Amendment) Act, 2019 (Record no. 10779)

MARC details
000 -LEADER
fixed length control field 00395nam a2200145Ia 4500
008 - FIXED-LENGTH DATA ELEMENTS--GENERAL INFORMATION
fixed length control field 191201s2011 xx 000 0 und d
082 ## - DEWEY DECIMAL CLASSIFICATION NUMBER
Classification number 346.066
Item number KAE
100 ## - MAIN ENTRY--PERSONAL NAME
Personal name KAPOOR, N.D.
245 #0 - TITLE STATEMENT
Title Elements of Company Law : Including Companies (Amendment) Act, 2019
250 ## - EDITION STATEMENT
Edition statement 30th Rev.
260 ## - PUBLICATION, DISTRIBUTION, ETC. (IMPRINT)
Place of publication, distribution, etc New Delhi
Name of publisher, distributor, etc S Chand and Sons
Date of publication, distribution, etc 2021
300 ## - PHYSICAL DESCRIPTION
Extent 343
650 ## - SUBJECT ADDED ENTRY--TOPICAL TERM
Topical term or geographic name as entry element B Com
942 ## - ADDED ENTRY ELEMENTS (KOHA)
Source of classification or shelving scheme Dewey Decimal Classification
Koha item type Text Books
942 ## - ADDED ENTRY ELEMENTS (KOHA)
-- 8
Holdings
Withdrawn status Lost status Source of classification or shelving scheme Damaged status Not for loan Collection code Home library Current library Date acquired Source of acquisition Currency Cost, normal purchase price Bill Number Total Checkouts Full call number Acc. no. / Barcode Date last seen Date last borrowed Actual Cost, discounted price Bill Date Koha item type
    Dewey Decimal Classification     B.Com PIET NCR College Library PIET NCR College Library 15/07/2021 Kirti Prakashan IN Rupees 250.00 IN2261 5 346.066 KAE N1350 22/05/2024 03/05/2024 205.00 15/07/2021 Text Books
    Dewey Decimal Classification     B.Com PIET NCR College Library PIET NCR College Library 15/07/2021 Kirti Prakashan IN Rupees 250.00 IN2261 4 346.066 KAE N1351 14/03/2024 12/03/2024 205.00 15/07/2021 Text Books
    Dewey Decimal Classification     B.Com PIET NCR College Library PIET NCR College Library 15/07/2021 Kirti Prakashan IN Rupees 250.00 IN2261 7 346.066 KAE N1352 28/05/2024 14/05/2024 205.00 15/07/2021 Text Books
    Dewey Decimal Classification     B.Com PIET NCR College Library PIET NCR College Library 15/07/2021 Kirti Prakashan IN Rupees 250.00 IN2261 4 346.066 KAE N1353 21/03/2024 12/03/2024 205.00 15/07/2021 Text Books
    Dewey Decimal Classification     B.Com PIET NCR College Library PIET NCR College Library 15/07/2021 Kirti Prakashan IN Rupees 250.00 IN2261 1 346.066 KAE N1354 13/09/2021 01/09/2021 205.00 15/07/2021 Reference Books

Design & Developed by: PIET Central Library
R70 Miles Stone Pattikalyana Samalkha Panipat 132102
mail ID :- [email protected], Phone No:- 0180-2569700 Ex.216